000 00734nam a2200265Ia 4500
005 20260121170129.0
008 008 260114s9999 xx 000 0 eng d
020 _a9783319612584
037 _aEBOOK
040 _aCRL
040 _beng
040 _cCRL
041 _2eng
041 _aeng
084 _qCRL
100 _aPirkko Pitkänen, Mari Korpela, Mustafa Aksakal, Kerstin Schmidt
_91060176
245 0 _aCharacteristics of Temporary Migration in European-Asian Transnational Social Spaces
260 _bSpringer
260 _bSpringer
260 _c2018
856 _uhttps://link.springer.com/openurl?genre=book&isbn=978-3-319-61258-4
942 _cEBOOK
999 _c1625905
_d1625905